000 00317nam a2200121Ia 4500
008 220217s9999 xx 000 0 und d
100 _aMathew, A.O.
245 0 _aLatex foam
260 _bCochin University of Science and Technology
_a Kochi
_c1980
500 _aCourse: B.Tech.
700 _aDr EVThomas
942 _cTS
999 _c74295
_d74295